000 00290 a2200133 4500
001 92166
082 _a891.4391 WAF
090 _c44129
_d44128
100 _aWafa Chishti
245 _aDaryaab
260 _aIslamabad
_bMarasem
_c2012
300 _a192p.
_bHb
500 _aGeneral Book
942 _aCAE NUST
_k891.4391 WAF
999 _c327239
_d327239